| 000 | 00449nam a22001817a 4500 | ||
|---|---|---|---|
| 005 | 20250430134209.0 | ||
| 008 | 250430b |||||||| |||| 00| 0 eng d | ||
| 020 | _a9788174211132 | ||
| 041 | _amar | ||
| 082 |
_a823.83'03 _bSHU |
||
| 100 |
_aShukla, S. _9211970 |
||
| 245 | _aमहर्षी वाल्मीकी | ||
| 260 |
_bContinental _c2014 |
||
| 300 | _a180 | ||
| 365 |
_b1.00 _cRs. |
||
| 700 |
_aShukla, S. _9211970 |
||
| 942 | _cBK | ||
| 999 |
_c366080 _d366080 |
||